000 01012cam a22003017a 4500
003 CHAP
005 20220329140456.0
008 971013s1975 r 00010 d
010 _a52516
011 _a53488
035 _a57638
040 _cCHAP
082 _a634.653
_bF4
100 0 0 _aFersini, Antonio.
_940442
245 1 3 _aEl cultivo del aguacate
260 _aMéxico :
_bDiana,
_c1975
300 _a132 p.
_b: ilus.
590 _aBATCH-UPD
_b10
_c20130110
_lUCH01
_h1832
590 _aCONVERSION
_b10
_c20130109
_lUCH01
_h1328
650 1 4 _aAguacate.
_92490
901 _aBK
942 _cLIBRO
949 _a634.653 F4
_bBC
_cLIBRO
_d-125303
_eLIBRO
_h14877
_i57638
_si
_t66.00
949 _a634.653 F4
_bBC
_cLIBRO
_d-125304
_eLIBRO
_fc.2
_h33155
_i57638
_si
_t66.00
949 _a634.653 F4
_bBC
_cLIBRO
_d-125305
_eLIBRO
_fc.3
_h23326
_i57638
_si
_t66.00
949 _a634.653 F4
_bBC
_cLIBRO
_d-125306
_eLIBRO
_fc.4
_h45241
_i57638
_si
_t66.00
949 _a634.653 F4
_bBC
_cLIBRO
_d-125307
_eLIBRO
_fc.5
_h45242
_i57638
_si
_t66.00
999 _c52516
_d52516